Alphabet Countries Quiz Stats

Quiz Updated Dec 23, 2012

Challenge
Share
Tweet
Embed
Score 0/24 Timer 03:00
3 Plays Today
Letter Country % Correct
BBelgium
93.4%
DDenmark
90.8%
JJapan
89%
FFinland
84.3%
NNew Zealand
80.3%
QQatar
79.2%
HHungary
74.8%
RRwanda
74.5%
TTurkey
73.3%
OOman
70.6%
CCambodia
68.6%
IIndia
67.9%
Letter Country % Correct
UUnited States
67.3%
KKazakhstan
67%
VVietnam
66.9%
ZZimbabwe
65.6%
YYemen
63%
PPoland
62.2%
LLibya
60.2%
MMorocco
57.4%
EEthiopia
53.4%
AArgentina
45.3%
GGreece
45.1%
SSingapore
26%

You're not logged in!

Compare scores with friends on all Sporcle quizzes.
Join for Free
OR
Log In

You Might Also Like...

Show Comments

Extras

Top Quizzes Today


Score Distribution

Your Account Isn't Verified!

In order to create a playlist on Sporcle, you need to verify the email address you used during registration. Go to your Sporcle Settings to finish the process.

Report this User

Report this user for behavior that violates our Community Guidelines.

Details: